Arte del verso /

Guía práctica para conocer y distinguir las diversas clases de versos y estrofas usadas en la poesía en lengua española.

Guardado en:
Bibliografiske detaljer
Hovedforfatter: Navarro Tomás, Tomás (autor)
Format: Bog
Sprog:spansk
Udgivet: México : Colección Málaga, 1968, c1968
Udgivelse:4a edición
Fag:
Tags: Tilføj Tag
Ingen Tags, Vær først til at tagge denne postø!

MARC

LEADER 00000nam^a2200000^a^4500
001 000156920
005 20250521000000.0
009 20260310100521.684
037 |a Acervo ITESO - Biblioteca 
041 |a ESP 
082 |a 809. 1  |b NAV 
100 |a Navarro Tomás, Tomás  |e (autor) 
245 1 0 |a Arte del verso /  |c T. Navarro Tomás. 
250 |a 4a edición 
264 4 |a México :  |b Colección Málaga,  |c 1968, c1968 
300 |a 187 p. 
336 |a texto  |b txt  |2 rdacontenido 
337 |a sin mediación  |b n  |2 rdamedio 
338 |a volumen  |b nc  |2 rdasoporte 
520 |a Guía práctica para conocer y distinguir las diversas clases de versos y estrofas usadas en la poesía en lengua española. 
649 |a XX 
650 |a Métrica y Ritmo 
650 |a Versificación y Rima 
650 |a Poética 
650 |a Poesía 
650 |a Preceptiva Literaria 
650 |a Retórica 
650 |a Español 
650 |a Lenguas Romances 
650 |a Lenguas Itálicas 
650 |a Lenguas Indo-Europeas 
650 |a Lenguas 
650 |a Literatura -  |x Teoría 
910 |a Fondo Salvador Reynoso Reynoso 
920 |a Impresos - Libros 
930 |a Fondos Especiales 
940 |a Literatura 
905 |a 112 
901 |a 0800016270  |b IT2  |c ESP  |u 20250521 
902 |a https://opac.biblio.iteso.mx/vufind/Record/000156920